Stranger Things 4 Quiz - Statistics

General Stats
  • This quiz has been taken 899 times
  • The average score is 13 of 15
Answer Stats
Question Answer % Correct
How old is Erica? 11
98%
Who is the leader of D&D club? Eddie
95%
What is Eleven's real name? Jane
95%
What is Max's favourite song? Running up that hill
94%
Who is Vecna's last victim? Max
93%
How many people does Vecna need to kill for his plan to work? 4
92%
Who is Vecna's first victim? Chrissy
92%
Where is Hopper? Russia
92%
Does this person survive? Yes
90%
What is the name of the D&D club/ The hellfire club
89%
Who wrote this song? Kate Bush
87%
Who bullies Eleven? Angela
83%
Who is Vecna? Henry Creel (001)
76%
How does he die? Demo-bats
67%
What do Vecna's victims keep seeing? Grandfather clock
45%
No matching quizzes found
Score Distribution
Percent of People with Each Score
Percentile by Number Answered
Your Score History
You have not taken this quiz